[Event "28th WSCC Open 50 2018"]
[Site "Bled"]
[Date "2018.11.27"]
[Round "9"]
[White "Van der Werf, Mark"]
[Black "Danielsen, Henrik"]
[Result "1-0"]
[WhiteElo "2402"]
[BlackElo "2504"]
[Annotator "TA"]
[PlyCount "65"]
[EventDate "2018.11.17"]
[EventType "swiss"]
[EventCountry "SLO"]
[SourceTitle "playchess.com"]
[Source "ChessBase"]
[SourceQuality "1"]

{[%evp 11,65,38,40,40,45,43,41,41,37,40,40,41,37,35,53,21,29,27,28,29,47,45,55,51,46,45,36,36,47,18,42,28,50,27,14,0,0,0,0,0,32,32,56,56,46,60,173,173,177,185,331,208,183,193,602,584]} 1. d4 d6 2. Nf3 Nf6 3. c4 g6 4. Nc3 Bf5 5. Nh4 Bd7 6. e4 e5 7. Nf3 {E61: King's Indian: Early deviations for White, including Smyslov System} (7. dxe5 dxe5 8. Nf3 Nc6 9. Be2 Bg7 10. O-O O-O 11. h3 Be6 12. Be3 Qxd1 13. Rfxd1 Rfd8 14. Nd5 Nxe4 15. Nxc7 Rac8 16. Nxe6 fxe6 17. Bd3 Nf6 18. Ng5 Nb4 19. Bf1 Nc2 20. Nxe6 Rxd1 21. Rxd1 Nxe3 22. fxe3 {½-½ (97) Li,C (2751)-Mamedov,R (2650) Huaian 2016}) 7... exd4 8. Nxd4 Bg7 9. Be2 {White is slightly better.} O-O 10. Be3 Nc6 11. O-O Re8 12. f3 Nh5 13. Qd2 Nxd4 14. Bxd4 Nf4 {[#] ...Qg5 is the strong threat.} 15. Rfd1 $146 Qg5 {[%csl Gf4][%cal Rg5g2]} 16. Bf1 {Black must now prevent Bxg7.} Bxd4+ 17. Qxd4 Bc6 18. b4 b6 19. Qd2 Qe5 20. g3 Ne6 21. f4 Qg7 22. Bg2 a5 23. b5 $36 {[%mdl 2048] White fights for an advantage.} Bb7 24. Re1 Nc5 25. Rad1 Kf8 26. e5 dxe5 {aiming for ...e4.} 27. Bxb7 Nxb7 28. Nd5 f5 {[#]} ({Black should try} 28... Rad8 $14) 29. fxe5 $1 $18 Nc5 30. Nf6 Re7 (30... Ne6 $142 31. Qg2 (31. Nxe8 Rxe8 32. Qc1 Nc5 $18) 31... Red8) 31. Qd5 Rc8 32. g4 Ne4 $2 (32... f4 33. Rf1 g5) 33. Rxe4 {Accuracy: White = 78%, Black = 58%.} ({Not} 33. Nxe4 Rxe5 {[%mdl 64] Double Attack} 34. Qc6 (34. Qb7 Rce8 $11) 34... fxe4 $11) 1-0

[Event "28th WSCC Open 50 2018"]
[Site "Bled"]
[Date "2018.11.27"]
[Round "9"]
[White "Arakhamia-Grant, Ketevan"]
[Black "Kannenberg, Karl-Heinz"]
[Result "1-0"]
[WhiteElo "2373"]
[BlackElo "2182"]
[Annotator "ChessBase"]
[PlyCount "83"]
[EventDate "2018.11.17"]
[EventType "swiss"]
[EventCountry "SLO"]
[SourceTitle "playchess.com"]
[Source "ChessBase"]
[SourceQuality "1"]
[TimeControl "40/5400+30:1800+30"]

1. e4 {[%emt 0:00:00]} c6 {[%emt 0:00:00]} 2. d4 {[%emt 0:00:00]} d5 {[%emt 0:00:00]} 3. e5 {[%emt 0:00:00]} Bf5 {[%emt 0:00:04]} 4. Nd2 {[%emt 0:00:00]} e6 {[%emt 0:00:22]} 5. Nb3 {[%emt 0:00:00]} Nd7 {[%emt 0:00:27]} 6. Nf3 {[%emt 0:00:04]} Ne7 {[%emt 0:00:19]} 7. Be2 {[%emt 0:00:24]} Bg4 {[%emt 0:00:23]} 8. O-O {[%emt 0:00:51]} Nf5 {[%emt 0:01:01]} 9. a4 {[%emt 0:02:28]} g6 {[%emt 0:01:54]} 10. a5 {[%emt 0:00:58]} a6 {[%emt 0:01:23]} 11. Re1 {[%emt 0:06:13]} h5 {[%emt 0:00:32]} 12. Bd2 {[%emt 0:06:34]} Be7 {[%emt 0:04:06]} 13. Rc1 {[%emt 0:01:15]} O-O {[%emt 0:19:01]} 14. c4 {[%emt 0:03:50]} Rc8 {[%emt 0:00:49]} 15. h3 {[%emt 0:00:49]} Bxf3 {[%emt 0:00:25]} 16. Bxf3 {[%emt 0:00:06]} Re8 {[%emt 0:04:33]} 17. Be2 {[%emt 0:17:29]} Bg5 {[%emt 0:10:53]} 18. cxd5 {[%emt 0:01:47]} exd5 {[%emt 0:01:21]} 19. Bd3 {[%emt 0:01:10]} Ng7 {[%emt 0:00:23]} 20. f4 {[%emt 0:02:28]} Be7 {[%emt 0:05:58]} 21. Qf3 {[%emt 0:03:37]} Nf8 {[%emt 0:01:26]} 22. f5 {[%emt 0:15:25]} gxf5 {[%emt 0:06:19]} 23. Bxf5 {[%emt 0:00:17]} Nfe6 {[%emt 0:00:17]} 24. Rf1 {[%emt 0:00:29]} Rf8 {[%emt 0:00:10]} 25. Bb1 {[%emt 0:15:49]} f5 {[%emt 0:08:52]} 26. exf6 {[%emt 0:00:25]} Rxf6 {[%emt 0:01:50]} 27. Qd3 {[%emt 0:00:09]} Nf8 {[%emt 0:03:31]} 28. Nc5 {[%emt 0:00:27]} Rc7 {[%emt 0:08:16]} 29. b4 {[%emt 0:02:06]} Bxc5 {[%emt 0:06:00]} 30. dxc5 {[%emt 0:10:50]} Rcf7 {[%emt 0:00:34]} 31. Bc3 {[%emt 0:03:49]} Rxf1+ {[%emt 0:00:24]} 32. Rxf1 {[%emt 0:00:03]} Rxf1+ {[%emt 0:01:43]} 33. Kxf1 {[%emt 0:00:09]} Qg5 {[%emt 0:00:55]} 34. Kf2 {[%emt 0:00:48]} Qf4+ {[%emt 0:03:46]} 35. Qf3 {[%emt 0:00:49]} Qh6 {[%emt 0:03:15]} 36. Qg3 {[%emt 0:00:54]} h4 {[%emt 0:02:27]} 37. Qxg7+ {[%emt 0:05:05]} Qxg7 {[%emt 0:00:13]} 38. Bxg7 {[%emt 0:00:01]} Kxg7 {[%emt 0:00:17]} 39. Bf5 {[%emt 0:00:02]} Kf6 {[%emt 0:02:01]} 40. Bc8 {[%emt 0:00:00]} Ke7 {[%emt 0:00:00]} 41. Bxb7 {[%emt 0:01:02]} Kd7 {[%emt 0:01:58]} 42. Bxa6 {[%emt 0:00:24]} 1-0

[Event "28th WSCC Open 50 2018"]
[Site "Bled"]
[Date "2018.11.27"]
[Round "9"]
[White "Plotkin, Victor"]
[Black "Chan, Peng Kong"]
[Result "1-0"]
[WhiteElo "2307"]
[BlackElo "2169"]
[Annotator "NA"]
[PlyCount "69"]
[EventDate "2018.11.17"]
[EventType "swiss"]
[EventCountry "SLO"]
[SourceTitle "playchess.com"]
[Source "ChessBase"]
[SourceQuality "1"]
[TimeControl "40/5400+30:1800+30"]

1. e4 {[%emt 0:00:00]} c5 {[%emt 0:00:00]} 2. c3 {[%emt 0:00:00]} g6 {[%emt 0:01:05]} 3. d4 {[%emt 0:00:00]} cxd4 {[%emt 0:00:05]} 4. cxd4 {[%emt 0:00:00]} d5 {[%emt 0:00:05]} 5. exd5 {[%emt 0:02:49]} Nf6 {[%emt 0:00:45]} 6. Bb5+ {[%emt 0:07:33]} Nbd7 {[%emt 0:00:23]} 7. Nc3 {[%emt 0:01:24]} a6 {[%emt 0:04:02] B10: Caro-Kann: 2 d3 and 2 c4} (7... Bg7 8. d6 exd6 9. Qe2+ Qe7 10. Bf4 Bf8 11. O-O-O Qxe2 12. Bxe2 Nb6 13. Bf3 Be7 14. Re1 Be6 15. Nh3 Kd7 16. Ng5 Bd5 17. Nxd5 Nfxd5 18. Bd2 f5 19. Ne6 Bf6 20. Re2 Rhe8 21. Rhe1 Rac8+ 22. Kb1 Nc7 {½-½ (22) Ghaem Maghami,E (2570)-Negi,P (2641) Moscow 2012}) 8. Be2 {[%emt 0:05:28]} Nb6 {[%emt 0:09:53]} 9. Nf3 {[%emt 0:00:15]} Nbxd5 {[%emt 0:00:30]} 10. Ne5 {[%emt 0:01:50]} Nxc3 {[%emt 0:00:43]} 11. bxc3 {[%emt 0:02:24]} Bg7 {[%emt 0:00:05]} 12. O-O {[%emt 0:07:24]} O-O {[%emt 0:00:08]} 13. Bf3 {[%emt 0:03:19]} Qc7 {[%emt 0:03:25]} 14. Qb3 {[%emt 0:02:49]} Nd7 $146 {[%emt 0:06:40]} ({Predecessor:} 14... Ne8 15. Bf4 Nd6 {½-½ (34) Medvegy,N (2338)-Lorincz,I (2357) Budapest 2002}) 15. Nxd7 {[%emt 0:12:24]} Bxd7 {[%emt 0:14:08]} 16. Qxb7 {[%emt 0:01:32]} Qxc3 {[%emt 0:06:58]} 17. Bb2 {[%emt 0:04:13]} Qc2 {[%emt 0:00:16]} 18. Qxd7 {[%emt 0:11:45]} Rad8 {[%emt 0:00:35]} 19. Qxe7 {[%emt 0:08:22]} Qxb2 {[%emt 0:00:18]} 20. Rab1 {[%emt 0:05:17]} Qxa2 {[%emt 0:15:25]} 21. d5 {[%emt 0:01:05]} Rfe8 {[%emt 0:01:25]} 22. Qa7 {[%emt 0:00:39]} Ra8 {[%emt 0:02:16]} 23. Qb6 {[%emt 0:01:00]} Rad8 {[%emt 0:03:00]} 24. d6 {[%emt 0:05:31]} Rd7 {[%emt 0:06:30]} (24... Be5 $11 {remains equal.}) 25. Rbd1 {[%emt 0:06:08]} Red8 {[%emt 0:00:43]} 26. Bg4 {[%emt 0:01:40]} f5 {[%emt 0:00:14]} 27. Bf3 {[%emt 0:00:17]} Qb2 {[%emt 0:07:45]} 28. Qxa6 {[%emt 0:00:43]} Qf6 {[%emt 0:00:05]} 29. Rfe1 {[%emt 0:03:03]} Rxd6 {[%emt 0:03:24]} 30. Qc4+ {[%emt 0:01:02]} Kh8 {[%emt 0:00:45]} 31. Rxd6 {[%emt 0:00:31]} Qxd6 {[%emt 0:00:14]} 32. Qf7 {[%emt 0:01:15]} Qf6 $11 {[%emt 0:00:36]} 33. Qc7 {[%emt 0:01:16]} Qd6 {[%emt 0:00:04]} 34. Qxd6 {[%emt 0:00:06]} Rxd6 {[%emt 0:00:07]} 35. Re8+ {[%emt 0:00:07]} 1-0

[Event "28th WSCC Open 50 2018"]
[Site "Bled"]
[Date "2018.11.27"]
[Round "9"]
[White "Mannion, Stephen R"]
[Black "Bischoff, Klaus"]
[Result "0-1"]
[WhiteElo "2286"]
[BlackElo "2507"]
[Annotator "RC"]
[PlyCount "80"]
[EventDate "2018.11.17"]
[EventType "swiss"]
[EventCountry "SLO"]
[SourceTitle "playchess.com"]
[Source "ChessBase"]
[SourceQuality "1"]
[TimeControl "40/5400+30:1800+30"]

1. e4 {[%emt 0:00:00]} c5 {[%emt 0:00:00]} 2. Nf3 {[%emt 0:00:00]} d6 {[%emt 0:00:55]} 3. d4 {[%emt 0:00:00]} cxd4 {[%emt 0:00:12]} 4. Nxd4 {[%emt 0:00:00]} Nf6 {[%emt 0:00:07]} 5. Nc3 {[%emt 0:00:00]} a6 {[%emt 0:00:09]} 6. f4 {[%emt 0:05:33]} Qc7 {[%emt 0:03:40]} 7. a4 {[%emt 0:00:47]} e6 {[%emt 0:08:12]} 8. Be2 {[%emt 0:02:01]} Nc6 {[%emt 0:01:39]} 9. Be3 {[%emt 0:01:39]} Bd7 {[%emt 0:02:18]} 10. Nb3 {[%emt 0:01:54]} Na5 {[%emt 0:06:38]} 11. Nxa5 {[%emt 0:05:29]} Qxa5 {[%emt 0:00:20]} 12. O-O {[%emt 0:00:18]} Be7 {[%emt 0:03:16]} 13. Kh1 {[%emt 0:03:50]} Bc6 {[%emt 0:11:41]} 14. Bf3 {[%emt 0:15:46]} Rc8 {[%emt 0:12:46]} 15. Qd2 {[%emt 0:11:38]} Qc7 {[%emt 0:04:03]} 16. a5 {[%emt 0:07:04]} O-O {[%emt 0:00:47]} 17. Rfd1 {[%emt 0:01:00]} Nd7 {[%emt 0:01:37]} 18. Qf2 {[%emt 0:06:45]} f5 {[%emt 0:10:04]} 19. exf5 {[%emt 0:01:12]} Bxf3 {[%emt 0:01:29]} 20. Qxf3 {[%emt 0:03:46]} Rxf5 {[%emt 0:00:08]} 21. Qe4 {[%emt 0:03:49]} Kf7 {[%emt 0:03:00]} 22. g4 {[%emt 0:06:32]} Nf6 {[%emt 0:00:40]} 23. Qg2 {[%emt 0:03:40]} Rxa5 {[%emt 0:00:16]} 24. Rxa5 {[%emt 0:01:32]} Qxa5 {[%emt 0:00:03]} 25. g5 {[%emt 0:00:18]} Nd7 {[%emt 0:04:08]} 26. Qxb7 {[%emt 0:05:45]} Rc7 {[%emt 0:01:13]} 27. Qe4 {[%emt 0:02:09]} g6 {[%emt 0:01:25]} 28. Bd4 {[%emt 0:01:48]} Qf5 {[%emt 0:01:10]} 29. Qe2 {[%emt 0:00:11]} Rc6 {[%emt 0:00:29]} 30. Ne4 {[%emt 0:01:53]} d5 {[%emt 0:00:19]} 31. Nc3 {[%emt 0:01:38]} Bd6 {[%emt 0:01:11]} 32. Be3 {[%emt 0:03:46]} Rc4 {[%emt 0:03:31]} 33. Rf1 {[%emt 0:00:37]} Nc5 {[%emt 0:00:28]} 34. Bd2 {[%emt 0:00:42]} Rb4 {[%emt 0:01:22]} 35. b3 {[%emt 0:01:20]} Qxc2 {[%emt 0:00:47]} 36. f5 {[%emt 0:00:10]} exf5 {[%emt 0:00:20]} 37. Nxd5 {[%emt 0:01:46]} Rh4 {[%emt 0:04:26]} 38. Rf2 {[%emt 0:01:27]} Ne4 {[%emt 0:00:36]} 39. Rg2 {[%emt 0:00:30]} Nxd2 {[%emt 0:01:26]} 40. Nf6 {[%emt 0:00:00]} Qc1+ {[%emt 0:00:00]} 0-1

[Event "28th WSCC Open 50 2018"]
[Site "Bled"]
[Date "2018.11.27"]
[Round "9"]
[White "Kastelic, Marian"]
[Black "Prie, Eric"]
[Result "0-1"]
[WhiteElo "2241"]
[BlackElo "2482"]
[Annotator "TA"]
[PlyCount "90"]
[EventDate "2018.11.17"]
[EventType "swiss"]
[EventCountry "SLO"]
[SourceTitle "playchess.com"]
[Source "ChessBase"]
[SourceQuality "1"]

{[%evp 20,90,21,8,17,-10,-14,-4,19,15,10,20,37,0,16,0,0,0,0,0,0,0,0,0,0,0,0,0,0,0,0,0,0,0,0,0,0,0,0,0,37,0,0,0,0,0,0,0,0,0,0,0,0,0,0,-17,-16,-14,-14,-27,-27,-162,-162,-162,-162,-162,-162,-162,-8,-162,-162,-604,-564]} 1. d4 Nf6 2. Nf3 c5 3. d5 g6 4. c4 {[%cal Bc2c4,Bc4b5][%mdl 32]} b5 5. cxb5 a6 6. bxa6 Bg7 {A58: Benko/Volga Gambit: Lines with 5 bxa6} 7. Nc3 O-O 8. e4 (8. g3 d6 9. Bg2 Nxa6 10. O-O Bf5 11. Nh4 Bd7 12. b3 Qb6 13. Bd2 Rfb8 14. Re1 Nc7 15. Qc2 Ra3 16. Qc1 Qa7 17. e4 Ng4 18. h3 {0-1 (38) Li,C (2732)-Shankland,S (2671) Liaocheng 2018}) 8... Qa5 9. Bd2 Bxa6 10. Bxa6 Qxa6 11. Qe2 {LiveBook: 60 Games} e6 12. Qxa6 Nxa6 {[%cal Bb8a6,Ba6b4,Bb4d3][%mdl 32]} 13. dxe6 fxe6 14. O-O $146 Rfb8 15. b3 Nb4 16. Bf4 Rb7 17. Be5 Nd3 18. Bxf6 Bxf6 19. Rad1 Nxf2 (19... c4 {keeps more tension.} 20. bxc4 Nb2 21. Rc1 Nxc4 22. Rfd1 Nb2) 20. Rxf2 Bxc3 21. Rc2 Bf6 22. e5 Bg7 23. Rxc5 Rxa2 24. Rc8+ Kf7 25. Rf1 {[#] White threatens Ng5+ and mate.} Ke7 26. Rg8 Bh6 27. Rh8 Be3+ 28. Kh1 Rxb3 29. Rxh7+ Kd8 30. Rd1 Rd3 31. Re1 Rda3 {aiming for ...Ra1.} 32. h4 Bf4 {White must now prevent ...Ra1.} 33. Rf7 Bg3 34. Rd1 Ra7 35. Rg7 Ke8 36. Rxg6 Ra1 37. Rxg3 Rxd1+ $11 {[%mdl 4096] Endgame KRR-KRN} 38. Kh2 Kf7 39. h5 Raa1 {[%csl Ga1][%cal Rd1h1]} 40. Kh3 (40. Ng5+ $11 {and White stays safe.} Ke7 41. Rh3) 40... Rh1+ $19 41. Kg4 Ra4+ 42. Kg5 {[#]} Kg7 $1 43. Rg4 Rxg4+ 44. Kxg4 Kh6 45. Nh4 $2 (45. Kf4) 45... Ra1 {Accuracy: White = 50%, Black = 90%.} 0-1

[Event "28th WSCC Open 50 2018"]
[Site "Bled"]
[Date "2018.11.27"]
[Round "9"]
[White "Kolesar, Milan"]
[Black "Namyslo, Holger"]
[Result "1/2-1/2"]
[WhiteElo "2198"]
[BlackElo "2254"]
[Annotator "NA"]
[PlyCount "34"]
[EventDate "2018.11.17"]
[EventType "swiss"]
[EventCountry "SLO"]
[SourceTitle "playchess.com"]
[Source "ChessBase"]
[SourceQuality "1"]
[TimeControl "40/5400+30:1800+30"]

1. Nf3 {[%emt 0:00:00]} c5 {[%emt 0:00:03]} 2. c4 {[%emt 0:00:00]} Nc6 {[%emt 0:00:18]} 3. d4 {[%emt 0:00:00]} cxd4 {[%emt 0:00:16]} 4. Nxd4 {[%emt 0:00:05]} Nf6 {[%emt 0:00:46]} 5. Nc3 {[%emt 0:00:06]} e6 {[%emt 0:01:20]} 6. g3 {[%emt 0:01:09]} Qb6 {[%emt 0:00:35]} 7. Nb3 {[%emt 0:00:59]} Ne5 {[%emt 0:00:45]} 8. e4 {[%emt 0:00:25]} Bb4 {[%emt 0:01:45]} 9. Qe2 {[%emt 0:00:09]} d6 {[%emt 0:07:45]} 10. f4 {[%emt 0:06:40]} Nc6 {[%emt 0:07:22]} 11. Be3 {[%emt 0:04:53]} Bxc3+ {[%emt 0:01:50]} 12. bxc3 {[%emt 0:00:07]} Qc7 {[%emt 0:00:31]} 13. Bg2 {[%emt 0:00:45]} O-O {[%emt 0:02:44]} 14. c5 {[%emt 0:04:24]} dxc5 {[%emt 0:02:07]} 15. Bxc5 {[%emt 0:00:28]} Rd8 {[%emt 0:10:34]} 16. O-O {[%emt 0:00:56]} e5 {[%emt 0:00:56]} 17. f5 {[%emt 0:15:23]} Na5 {[%emt 0:08:06]} 1/2-1/2

[Event "28th WSCC Open 50 2018"]
[Site "Bled"]
[Date "2018.11.27"]
[Round "9"]
[White "Koehler, Gerhard"]
[Black "Cummings, David H."]
[Result "0-1"]
[WhiteElo "2197"]
[BlackElo "2331"]
[Annotator "TA"]
[PlyCount "168"]
[EventDate "2018.11.17"]
[EventType "swiss"]
[EventCountry "SLO"]
[SourceTitle "playchess.com"]
[Source "ChessBase"]
[SourceQuality "1"]

{[%evp 19,168,19,20,19,16,23,19,9,24,33,28,14,12,12,20,12,20,3,8,13,18,18,31,39,122,117,117,117,116,94,97,85,88,84,87,82,79,50,50,42,44,44,63,42,40,30,33,0,45,37,56,33,28,30,39,37,40,17,68,58,66,41,43,27,27,24,41,18,37,28,36,0,0,0,69,65,91,42,42,0,0,-22,-19,-118,-120,-250,-249,-228,-219,-316,-311,-304,-269,-196,-8,-8,-8,-200,-8,-8,-8,-8,-8,-8,-8,-8,-8,-8,-8,-8,-8,-8,-8,-8,-8,-8,-8,-8,-8,-8,-8,-8,-8,-8,-8,-8,-8,-8,-8,-8,-8,-12796,-11256,-4598,-8,-19,-8,-29980,-29981,-29980,-29982,-29983,-29968,-29966,-29977,-29984,-29985,-29989,-29990,-29994,-29990]} 1. c4 e6 2. Nc3 d5 3. cxd5 exd5 4. d4 c6 5. Nf3 Nf6 6. Bg5 Be7 7. Qc2 Nbd7 8. e3 h6 9. Bh4 {D36: Queen's Gambit Declined: Exchange Variation: Main line (5 Bg5 c6 6 Qc2)} (9. Bf4 Nh5 10. O-O-O Nxf4 11. exf4 g5 12. Bd3 gxf4 13. Rhe1 Kf8 14. Bf5 Bb4 15. a3 Bxc3 16. Qxc3 Nb6 17. g4 Bxf5 {1-0 (29) Rapport,R (2692)-Hammer,J (2629) Palma de Mallorca 2017}) 9... Nh5 10. Bxe7 Qxe7 {LiveBook: 11 Games} 11. Be2 {The position is equal.} Nhf6 12. O-O O-O 13. Rab1 a5 14. Rfe1 $146 ({Predecessor:} 14. a3 Re8 15. b4 axb4 16. axb4 b5 {1-0 (37) Ho,C (2041)-Gerard,F (2170) Dresden 2008}) 14... Re8 15. Bf1 Ne4 16. Nxe4 dxe4 17. Nd2 Nf6 18. Rbc1 Nd5 19. a3 Bf5 20. Qc5 Qf6 21. Nc4 Re6 (21... Reb8 $14) 22. Nb6 $16 Nxb6 23. Qxb6 Re7 24. Rc5 a4 25. Ra5 Rxa5 26. Qxa5 b5 27. Qd8+ Kh7 28. Rc1 (28. d5 {looks sharper.} cxd5 29. Bxb5 Qe5 30. Bc6 g6 31. Rb1) 28... Re6 29. Qxf6 Rxf6 $14 {[%mdl 4096] Endgame KRB-KRB} 30. Rc5 Bd7 31. Be2 Rd6 32. Re5 Re6 33. Rc5 Rd6 34. Kf1 f5 35. Re5 Kg6 36. Ke1 Kf6 37. Kd2 Re6 38. Rc5 Rd6 ({Black should try} 38... Re8 $11) 39. Kc3 Be6 40. Kb4 Bd5 41. Rc1 Rd8 42. Kc5 g5 43. Rf1 Ke6 44. f3 h5 45. fxe4 Bxe4 46. Bf3 Bd5 (46... Rd5+ $1 $11 47. Kb6 Bxf3 48. gxf3 Kd7) 47. Rf2 Rb8 48. Bxd5+ ({Stronger than} 48. Bxh5 b4 $17) 48... cxd5 $16 {KR-KR} 49. Kc6 b4 {aiming for ...bxa3.} 50. axb4 (50. Kc7 $5 {[%cal Rc7b8]} Rb5 51. Kc6 $11) 50... Rxb4 51. Kc5 (51. g3 $11 {was the only way to keep the balance.}) 51... Rb3 $17 52. Re2 (52. h4 $17) 52... h4 $19 {[%cal Bh5h4,Bh4g3][%mdl 32]} 53. Kc6 g4 54. Kc5 (54. g3 $142 hxg3 55. hxg3) 54... g3 55. hxg3 hxg3 56. Kc6 a3 $2 (56... Rb4 $1 $19 57. Rd2 f4 $1 {[%mdl 512]} 58. exf4 Rc4+ 59. Kb6 Kf5) 57. bxa3 $11 Rxa3 58. Kc5 $2 (58. Kb5 $1 $11) 58... Rc3+ $2 ({Black should play} 58... Rb3 $1 $19 59. Kc6 Rc3+ 60. Kb5 Rc4) 59. Kb4 Rc1 60. Kb3 Kf6 61. Kb2 Rf1 {Hoping for ...f4.} 62. Kc2 Kg5 63. Kd3 Kg4 64. Ra2 Rd1+ 65. Ke2 Rg1 66. Kd3 f4 67. exf4 Kxf4 68. Re2 Ra1 69. Re8 Ra3+ 70. Ke2 Ra2+ 71. Kf1 Rf2+ 72. Kg1 Rd2 73. Kf1 Rxd4 74. Rf8+ Ke4 75. Re8+ $2 {[%mdl 8192] [#]} (75. Ke2 $11) 75... Kd3 $1 $19 {( -> ...Rh4)} 76. Rg8 {[#]} Rf4+ $2 (76... Kd2 $1 $19 {Threatens to win with ...Rd3.} 77. Rxg3 Rf4+ 78. Kg1 d4) 77. Ke1 $1 $11 Re4+ 78. Kf1 $2 {[%mdl 8192]} (78. Kd1 $11) 78... Re3 {Black mates.} 79. Ra8 d4 {[%cal Bd5d4,Bd4d3][%mdl 32]} 80. Ra3+ Ke4 81. Ra4 Rb3 82. Ra1 d3 83. Re1+ Kd4 84. Rc1 Rb2 {Accuracy: White = 48%, Black = 50%.} 0-1

[Event "28th WSCC Open 50 2018"]
[Site "Bled"]
[Date "2018.11.27"]
[Round "9"]
[White "Chapman, Terry P D"]
[Black "Bergstrom, Rolf"]
[Result "1/2-1/2"]
[WhiteElo "2172"]
[BlackElo "2216"]
[Annotator "TA"]
[PlyCount "99"]
[EventDate "2018.11.17"]
[EventType "swiss"]
[EventCountry "SLO"]
[SourceTitle "playchess.com"]
[Source "ChessBase"]
[SourceQuality "1"]

{[%evp 17,99,31,42,-19,0,0,6,-14,33,-32,-39,-34,44,29,54,50,40,48,42,-9,-8,-19,-20,-50,-52,-116,-95,-79,-18,-76,0,0,3,0,79,-62,-38,-91,-105,-245,-131,-111,-88,-83,0,0,0,0,-29,-104,0,-12,-37,-75,-73,-72,-77,-156,0,-27,0,6,13,0,0,0,0,0,0,-15,-15,-20,-15,-16,-8,-8,-8,-38,-8,-8,-8,-8,-8,-8]} 1. Nf3 d6 2. d4 Nf6 3. g3 g6 4. Bg2 Bg7 5. O-O O-O 6. c4 Bf5 7. Nc3 Ne4 8. Nh4 Nxc3 9. bxc3 Bc8 $1 10. e4 {E60: King's Indian: Unusual lines and Fianchetto Variation without Nc3} (10. f4 $14) (10. Rb1 Nc6 11. f4 e6 12. e4 Ne7 13. g4 f5 14. gxf5 gxf5 15. e5 d5 16. cxd5 Nxd5 17. Qe1 b5 18. Ba3 Rf7 19. Rxb5 c6 20. Bxd5 cxd5 21. Rb2 Ba6 22. Rf3 Rb8 23. Rxb8 Qxb8 24. Bd6 Qd8 {½-½ (24) Gajewski,G (2646)-Ipatov,A (2592) Jerusalem 2015}) 10... Nd7 11. f4 $146 ({Predecessor:} 11. Re1 c5 12. Be3 Qa5 13. Qb3 Nb6 14. Nf3 Be6 15. Nd2 cxd4 16. cxd4 Bxd4 17. Bxd4 Qxd2 {0-1 (45) Edwards,B (1518)-Towkan,C (1099) IECG email 2002}) 11... Nb6 12. Qd3 Qd7 13. Re1 (13. a4 $14 Nxa4 14. e5) 13... Qa4 $15 14. Bf1 c6 (14... Be6 $15) 15. f5 $14 Qa5 16. g4 Bd7 17. Bf4 e5 18. fxe6 (18. Bg3 $14) 18... Bxe6 $11 {[%mdl 64] White must now prevent ...g5. Double Attack} 19. Bxd6 Bxc4 {[%mdl 64] Double Attack} 20. Qg3 Rfe8 21. Bb4 ({Better is} 21. Qf3 $15) 21... Qa6 22. Bg2 Rad8 (22... Na4 $17 {Threatens to win with ...c5!} 23. e5 c5 $1 {[%mdl 512]} 24. dxc5 Nb2) 23. Nf3 (23. e5 $11 {remains equal.}) 23... h6 ({Black should try} 23... Na4 $17 24. e5 c5 $1 {[%mdl 512]} 25. dxc5 Nb2) 24. g5 {next gxh6 is good for White.} h5 $1 25. Nd2 Be6 (25... Na4 $11 26. Nxc4 Qxc4) 26. Bf1 (26. a4 $16) 26... Qa4 $1 $15 27. e5 (27. Nf3 $15) 27... Nd5 $17 28. Reb1 (28. a3 $17 {was called for.}) 28... Qc2 (28... b6 $19 {aiming for ...c5!} 29. Bc4 c5 $1 {[%mdl 512]}) 29. Nc4 Nxb4 30. Rxb4 {[#]} b5 (30... c5 $1 $17 {[%mdl 512]} 31. Rb2 (31. dxc5 Bxc4) 31... Qa4) 31. Rb2 $1 $11 {[%cal Rb2c2]} Qa4 32. Nd6 Re7 33. Bg2 {[#]} (33. Re1 $11) 33... Rc7 ({Black should play} 33... c5 $1 $17 {[%cal Rc5d4]} 34. dxc5 Bc4) 34. Ne4 Qa3 35. Rc2 {[#]} b4 $1 36. Rac1 bxc3 37. Nf6+ (37. Qxc3 $142 Qxc3 38. Rxc3) 37... Kh8 $2 (37... Bxf6 $1 $17 38. exf6 Rcd7 39. Qxc3 Qxc3 40. Rxc3 Rxd4 41. Bxc6 Bxa2) 38. Rxc3 Qa4 39. d5 $1 $36 {[%cal Rd5e6][%mdl 2048] White is more active.} Qd4+ {[%mdl 64] Double Attack} 40. Qe3 Qxe3+ 41. Rxe3 Bxf6 $1 42. gxf6 Bxd5 43. Bxd5 Rxd5 {[%mdl 4096] Endgame KRR-KRR} 44. e6 $1 {[%cal Re6e7]} fxe6 45. Rxe6 Kg8 {And now ...c5 would win.} 46. Rcxc6 Rxc6 47. Rxc6 Ra5 {Threatening ...Kf7.} 48. Rc7 $1 {The position is equal.} Rxa2 49. Rg7+ Kf8 50. Rxg6 {Accuracy: White = 32%, Black = 34%.} 1/2-1/2

[Event "28th WSCC Open 50 2018"]
[Site "Bled"]
[Date "2018.11.27"]
[Round "9"]
[White "Kranzl, Peter"]
[Black "Metz, Hartmut"]
[Result "1/2-1/2"]
[WhiteElo "2163"]
[BlackElo "2296"]
[Annotator "TA"]
[PlyCount "93"]
[EventDate "2018.11.17"]
[EventType "swiss"]
[EventCountry "SLO"]
[SourceTitle "playchess.com"]
[Source "ChessBase"]
[SourceQuality "1"]

{[%evp 20,93,48,45,50,17,14,11,20,22,20,0,0,0,25,25,27,-20,9,0,35,0,36,14,18,25,14,13,14,14,13,13,33,11,13,12,19,-75,0,0,0,0,0,0,0,0,16,13,19,0,0,0,21,0,0,0,36,0,18,0,26,11,25,0,4,0,0,0,22,0,0,0,23,0,0,0]} 1. e4 c6 2. d4 d5 3. e5 Bf5 4. Nf3 e6 5. Be2 Nd7 6. O-O Ne7 7. Be3 Bg6 8. Nh4 {B12: Caro-Kann: Advance Variation} c5 (8... Nf5 9. Nxf5 Bxf5 10. g4 Bg6 11. f4 f5 12. g5 h6 13. h4 hxg5 14. hxg5 Kf7 15. Nd2 Be7 {½-½ (35) Shirov,A (2690)-Anand,V (2725) Wijk aan Zee 1996}) 9. c3 Nc6 10. Nxg6 hxg6 11. Nd2 {LiveBook: 6 Games} Be7 12. f4 Qb6 13. Qb3 cxd4 14. Qxb6 Nxb6 15. Bxd4 $146 ({Predecessor:} 15. cxd4) 15... Nxd4 16. cxd4 O-O-O 17. Rac1+ Kb8 18. Rc2 a6 19. Nf3 Rd7 20. g3 Nc8 21. h4 Bd8 22. Bd3 Bb6 23. Kf2 Ne7 24. Ke3 Nc6 25. a3 Ne7 26. g4 Nc6 27. Rh1 Rc7 28. Rhc1 {[#]} (28. Rg2 $11) 28... Rhc8 (28... Nxd4 $1 $17 {[%mdl 512]} 29. Rxc7 (29. Nxd4 Rxc2 30. Bxc2 Rxh4 $17) 29... Nc6+ 30. Ke2 Kxc7) 29. b4 Rh8 30. Rh1 Rhc8 31. Rhc1 Rh8 32. Rh1 Ka7 33. Rhh2 Rhc8 34. Rhg2 Kb8 35. Rh2 Re8 36. Rhg2 Rh8 37. Rh2 Re7 38. Rhg2 Ka7 39. Rh2 Rd7 40. Rc1 Rc7 {...Nxe5! is the strong threat.} 41. Rcc2 Kb8 42. Rhg2 Rhc8 43. Rh2 Ba7 44. Rhg2 Rh8 45. Rh2 Bb6 46. Rhd2 Rhc8 47. Rh2 {Accuracy: White = 40%, Black = 51%.} 1/2-1/2